Statistiques concernant Italien - Verbe irrégulier (Uscire)

Cliquez ici pour prendre le quiz!

Statistiques générales

  • Ce quiz a été pris 4 fois
  • Le résultat moyen est 37 sur 49

Statistiques - réponses

Tempo - PersonaConiugazione% Correct
lui/leiesce
100%
tuesci
100%
ioesco
100%
loroescono
100%
noiusciamo
100%
lui/leiuscirà
100%
tuuscirai
100%
lorousciranno
100%
lui/leiuscirebbe
100%
lorouscirebbero
100%
iouscirei
100%
noiusciremo
100%
tuusciresti
100%
voiuscirete
100%
iouscirò
100%
voiuscite
100%
lui/leiusciva
100%
noiuscivamo
100%
lorouscivano
100%
voiuscivate
100%
tuuscivi
100%
iouscivo
100%
tuesci
75%
noiusciremmo
75%
voiuscireste
75%
io (maschile)uscito
75%
lui/leiesca
50%
ioesca
50%
lui/leiesca
50%
tuesca
50%
loroescano
50%
loroescano
50%
io (maschile)uscendo
50%
lui/leiuscì
50%
noiusciamo
50%
noiusciamo
50%
voiusciate
50%
iouscii
50%
noiuscimmo
50%
lorouscirono
50%
lui/leiuscisse
50%
lorouscissero
50%
iouscissi
50%
tuuscissi
50%
noiuscissimo
50%
voiusciste
50%
voiusciste
50%
tuuscisti
50%
voiuscite
50%

Distribution des résultats

Percentile par nombre de réponses

% des personnes avec chaque résultat

Votre développement - résultats

Vous n’avez pas pris ce quiz